[Event "Reunion op 17th"]
[Site "St Denis"]
[Date "2015.10.10"]
[Round "4"]
[White "Riviere, Etienne"]
[Black "Harshal, Shahi"]
[Result "0-1"]
[WhiteElo "1846"]
[BlackElo "2079"]
[PlyCount "52"]
[EventDate "2015.10.10"]
[EventType "swiss"]
[EventRounds "9"]
[EventCountry "RUF"]
[SourceTitle "CBM 168 Extra"]
[Source "ChessBase"]
[SourceDate "2015.10.29"]
[SourceVersion "1"]
[SourceVersionDate "2015.10.29"]
[SourceQuality "1"]

1. e4 c5 2. Nf3 e6 3. d4 cxd4 4. Nxd4 Nc6 5. Nc3 Qc7 6. Be3 a6 7. Be2 Nf6 8. 0-0 Bb4 9. f3 0-0 10. a3 Bxc3 11. bxc3 h6 12. Qd2 d5 13. exd5 Nxd5 14. Bf2 Na5 15. Be1 e5 16. Nb3 Rd8 17. Rd1 Bf5 18. Qc1 Nxc3 19. Rxd8+ Rxd8 20. Bxc3 Qxc3 21. Nxa5 Qxa5 22. Rd1 Rxd1+ 23. Qxd1 Qxa3 24. Qd8+ Kh7 25. Qc7 Qc1+ 26. Bf1 Bd3 0-1

[Event "Reunion op 16th"]
[Site "St Denis"]
[Date "2014.10.18"]
[Round "3"]
[White "Rajaobelina, Hery"]
[Black "Riviere, Etienne"]
[Result "1/2-1/2"]
[WhiteElo "1887"]
[BlackElo "1580"]
[PlyCount "52"]
[EventDate "2014.10.18"]
[EventType "swiss"]
[EventRounds "9"]
[EventCountry "RUF"]
[SourceTitle "EXT 2015"]
[Source "ChessBase"]
[SourceDate "2014.11.20"]
[SourceVersion "1"]
[SourceVersionDate "2014.11.20"]
[SourceQuality "1"]

1. e4 e5 2. Nf3 Nc6 3. Bb5 a6 4. Ba4 Nf6 5. 0-0 Be7 6. Re1 d6 7. c3 b5 8. Bb3 Na5 9. Bc2 c5 10. d4 Nd7 11. d5 0-0 12. Nbd2 Nb6 13. h3 f5 14. exf5 Bxf5 15. Ne4 h6 16. Be3 Nac4 17. Bc1 Rc8 18. b3 Na5 19. Be3 Qe8 20. Nxe5 Bxe4 21. Bxe4 dxe5 22. Qg4 Qd7 23. Qg6 Rf6 24. Qh7+ Kf7 25. g4 Qe8 26. g5 hxg5 1/2-1/2